Districts (Sanjaks) of the Ottoman Empire in 1900 with a Map - Statistics

General Stats
  • This quiz has been taken 2,027 times
    1,942 since last reset
  • The average score is 45 of 153
Answers on the Map
Answers color-coded by a green-red scale on the quiz's map according to % correct below.
 
Answer Stats
Districts % Correct
Constantinople
93%
Tripoli
88%
Baghdad
84%
Kuwait (Autonomous Kaza)
83%
Angora
82%
Jerusalem
82%
Qatar (Autonomous Kaza)
82%
Sofia
82%
Mecca
80%
Smyrna
80%
Damascus
78%
Medina
75%
Salonica
74%
Aleppo
72%
Muş
71%
Rhodes
70%
Mosul
65%
Adrianople
64%
Trabzon
64%
Beirut
62%
Basra
60%
Benghazi
60%
Antalya
59%
Bursa
59%
Üsküp
58%
Sana'a
57%
Varna
57%
Jeddah
56%
Van
55%
Candia
52%
Konya
52%
Adana
50%
Mount Lebanon
48%
Plovdiv
47%
Diraç
43%
Midilli
43%
Priştine
42%
Burgas
41%
Sinop
40%
Erzurum
39%
Gallipoli
38%
Samsun
37%
Fezzan
35%
Kirkuk
34%
Diyarbakır
33%
Mersin
33%
Sivas
33%
Kayseri
32%
Scutari
32%
İzmit
30%
Janina
29%
Latakia
29%
Siirt
28%
Vidin
28%
Aydın
27%
Rodosto
27%
Hama
26%
Kastamonu
26%
Sakiz
26%
Manastir
25%
Prizren
24%
Acre
23%
Malatya
23%
Ruse
23%
Urfa
23%
Chania
22%
Saruhan
22%
Bitlis
21%
Denizli
21%
Erzincan
21%
Pleven
21%
Hamidabad
20%
Marash
20%
Zor
20%
Amasya
19%
Bolu
19%
Dedeağaç
19%
Hakkâri
19%
Kırklareli
19%
Mardin
19%
Veliko Tarnovo
19%
Elbasan
18%
Karbala
18%
Mamuretülaziz
18%
Scutari
18%
Siroz
18%
Stara Zagora
18%
Avlona
17%
Cebel-i Bereket
17%
Sulaymaniyah
17%
Tokat
17%
Asir
16%
Ergiri
16%
Kütahya
16%
Niğde
16%
Sliven
16%
Bozok
15%
Burdur
15%
Gümülcine
15%
Nablus
15%
Nejd
15%
Shumen
15%
Silistra
15%
Taiz
15%
Çankırı
14%
Çorum
14%
Dersim
14%
Drama
14%
Haskovo
14%
İpek
14%
Karahisar-ı Sahip
14%
Kırşehir
14%
Kozan
14%
Limni
14%
Tran
14%
Görice
13%
İçil
13%
Menteşe
13%
Nazareth
13%
Biga
12%
Gümüşhane
12%
Vratsa
12%
Karak (Mutasarrifate)
11%
Kyustendil
11%
Pazardzhik
11%
Razgrad
11%
Rethymno
11%
Al Hudaydah
10%
Bayazit
10%
Lazistan
10%
Lovech
10%
Preveze
10%
Çatalca
9%
Dibra
9%
Karahisar-ı Şarki
8%
Amarah
7%
Karasi
7%
Pera
7%
Arghana
6%
Ertuğrul
6%
Genç
6%
Jabal al Gharbi
6%
Khoms
6%
Lom
6%
Serfiğe
6%
Sfakia
6%
Al Diwaniyah
5%
Lasithi
5%
Sevlievo
5%
Svishtov
5%
Hauran
4%
Muntafiq
4%
No matching quizzes found
Score Distribution
Percent of People with Each Score
Percentile by Number Answered
Your Score History
You have not taken this quiz since the last reset